000 00335nam a2200145Ia 4500
008 230718s9999 xx 000 0 und d
041 _aEng.
082 _a610
_bPRI-A
100 _aPringle, Mike
245 2 _aA Guide for New Princ
260 _aPakistan
_bExford univercy Run
_c1956
300 _a245
650 _aLaw
999 _c26738
_d26738